000 00299nam a2200109 4500
999 _c10293
_d10293
008 180814b ||||| |||| 00| 0 eng d
245 _aHealth corner:
_bCancer and the heart.
260 _aPhilippines
_bThe Philippine Star
_cc2017
300 _apage E6.
650 0 _930368
_aHealth.
942 _2ddc
_cPER